000 00499nam a2200181Ia 4500
001 3471
005 20260306145646.0
008 260306t2007||||xx |||||||||||||| ||spa||
041 _aESP
082 _a279.85
_bA72
100 _aArmas Asín, Fernando,
_eAUT
245 0 _aIglesia :
_bbienes y rentas :secularización liberal y reorganización patrimonial en Lima (1820-1950)
260 _c2007
300 _a205 páginas :
_c21 cm.
650 _aGEN
654 _aCHU
942 _cLIB
_dJUS
_fJUS
_2ddc
_n
999 _c3471
_d3471